[Event "2MCR_3DE_2LA_1S"]
[Site "?"]
[Date "2007.??.??"]
[Round "?"]
[White "Bubenicek, Miloslav"]
[Black "Majstr, Jiri"]
[Result "0-1"]
[WhiteElo "1805"]
[BlackElo "2103"]
[Annotator "056"]
[PlyCount "44"]
[EventDate "2007.??.??"]
[EventType "corr"]
[EventRounds "2"]
[SourceDate "2007.01.28"]

1. e4 e6 2. d4 d5 3. exd5 exd5 4. Bd3 Bd6 5. Nf3 Nf6 6. O-O O-O 7. Bg5 Bg4 8.
Nbd2 Nbd7 9. c3 c6 10. Qc2 Qc7 11. Bxf6 Nxf6 12. Rae1 Rae8 13. h3 Bh5 14. g4
Bg6 15. Bxg6 fxg6 16. Qb1 Bf4 17. Rxe8 Rxe8 18. Re1 Qd8 19. Nf1 Ne4 20. Qc2 Rf8
21. Qb3 Nd6 22. Kg2 Qf6 0-1

[Event "2MCR_3DE_2LA_3S"]
[Site "?"]
[Date "2007.??.??"]
[Round "?"]
[White "Stika, Vaclav"]
[Black "Kelbl, Jiri"]
[Result "1-0"]
[WhiteElo "2150"]
[BlackElo "1656"]
[Annotator "056"]
[PlyCount "139"]
[EventDate "2007.??.??"]
[EventType "corr"]
[EventRounds "2"]
[SourceDate "2007.01.28"]

1. e4 e5 2. Nf3 Nc6 3. Bb5 a6 4. Ba4 Nf6 5. O-O Be7 6. Re1 b5 7. Bb3 d6 8. c3
O-O 9. h3 Nb8 10. d4 Nbd7 11. Nbd2 Bb7 12. Bc2 Re8 13. Nf1 Bf8 14. Ng3 g6 15.
a4 c5 16. d5 c4 17. Bg5 h6 18. Be3 Nc5 19. Qd2 h5 20. Bg5 Be7 21. Bh6 Bf8 22.
Bg5 Be7 23. Ra3 Nfd7 24. Bxe7 Qxe7 25. Rea1 Nb6 26. axb5 axb5 27. Qh6 Qf8 28.
Qg5 Rxa3 29. Rxa3 Qe7 30. Qh6 Qf8 31. Qe3 Ra8 32. Rxa8 Bxa8 33. Nd2 Qe7 34. b4
Ncd7 35. Qh6 Nf8 36. Nf3 Bb7 37. Qe3 Nfd7 38. Kh2 Kg7 39. Ne2 Qf6 40. Kg1 Kg8
41. Nd2 Qe7 42. Nb1 Qf6 43. Kf1 Qe7 44. Na3 Ba6 45. Ng1 Qf6 46. Nf3 Qg7 47. Kg1
Qf6 48. Kh1 Qg7 49. g3 Qf6 50. Kg1 Qg7 51. Bd1 Qf6 52. Ng5 Qe7 53. Kg2 Qf6 54.
Kh2 Qe7 55. Bc2 Qf6 56. Kg1 Qe7 57. Nf3 Qf6 58. Nh4 Qg7 59. f4 Qh6 60. Kg2 Kh7
61. Nb1 Qg7 62. Nf3 f6 63. Na3 Kg8 64. Kh2 Kh7 65. Nh4 Kg8 66. Qf3 Kh7 67. Kg1
Kg8 68. Kh1 Kh7 69. Qe3 Bc8 70. Nxb5 1-0